000 00418nam a2200157 a 4500
001 000028157
005 20200930031410.0
008 110407s1997 dr 000 0 spa d
040 _aDO-SdBNP
_bspa
_cBNPHU
082 _axxx
_bM798s
100 1 _aMontolío, Ignacio
_955155
245 1 0 _aSalomé /
_cIgnacio Montolío.
260 _aSanto Domingo :
_bBlocquerst,
_c1997.
300 _a[21 p.] ;
_c13 cm.
049 _aBNPD
999 _c27649
_d27649